| 000 | 00274 a2200121 4500 | ||
|---|---|---|---|
| 999 |
_c322093 _d322093 |
||
| 001 | 87020 | ||
| 003 | NUST | ||
| 005 | 20180124122649.0 | ||
| 008 | 180124b xxu||||| |||| 00| 0 eng d | ||
| 082 | _a823.914 HIG | ||
| 100 |
_aHiggins,Jack _99686 |
||
| 245 |
_aThunder Point _hEnglish |
||
| 260 |
_aNewYork _bG.P. Putnam's _c1993 |
||
| 300 | _a320p | ||
| 942 |
_aAHQ _cBK _k823.914 HIG _2ddc |
||